000 00648nam a2200193Ia 4500
003 GCL
008 140319s9999 xx 000 0 ara d
040 _aGCL /
_cGCL
082 0 4 _a370.71
_bن ق
100 1 _aنظلة حسن احمد خضر
245 1 0 _aقضايا ومشكلات حيوية فى التربية العملية: (تهم المشرفة والمعلمة وطالبة التربية العملية) /
_cنظلة حسن احمد خضر
300 _a68 ص
490 _aكتاب
_v0
650 0 4 _aالتربية
650 0 4 _aالتعلم
650 0 4 _aالطلاب
650 0 4 _aالمدرسون - تدريب
942 _2ddc
_cBK
999 _c42279
_d42279